01079cam a2200289 a 4500001000500000005001700005020001500022040002300037050001500060100001900075245007300094250004200167260003600209300005900245490002400304505000800328520024500336521002100581521002000602650003000622650002100652650002000673650002300693650001900716650001900735700003500754291020240123103755.0 a0439280362 aHQBcHQBdDLCbeng00aPZ7.R237751 aReber, Deborah10aBlue's egg hunt /cby Deborah Reber ; illustrated by Carolyn Norden. aFirst Scholastic printing, April 2001 aNew York :bScholastic , c2000 a22 unnumbered pages : bcolor illustrations ; c21 cm. aBlue's Clues Series aI  aJoin Blue's Clues' Steve and Blue when they take Periwinkle, the big city kitten, to show him what's so great about spring. You can help Blue and Periwinkle hunt for eggs, make leaf prints, plant seeds, and visit all the booths at the fair! a450 bLexile  aI bRaz-Plus  0aSpringvJuvenile fiction. 1aSpringvFiction. 1aFairsvFiction. 1aContestsvFiction. 1aDogsvFiction. 1aCatsvFiction.1 aNorden, Carolyn,eillustrator